000
00297nam a22001337a 4500
008
210225b ||||| |||| 00| 0 eng d
020
_a
9780132435444
041
_a
eng
080
_2
9th
_a
339.138
100
_a
61
101
_a
MAR
245
_a
Marketing Management
_c
Dupree,J
942
_2
udc
_c
BK
999
_c
55199
_d
55199